| 000 | 01188cam a22003497a 4500 | ||
|---|---|---|---|
| 003 | CHAP | ||
| 005 | 20220817043309.0 | ||
| 008 | 971013s1956 r 00010 d | ||
| 010 | _a70987 | ||
| 011 | _a71959 | ||
| 035 | _a81513 | ||
| 040 | _cCHAP | ||
| 090 | _aTesis | ||
| 100 | 0 | 0 |
_aGaitán Alonso, Alfonso. _944184 |
| 245 | 1 | 3 | _aUn sistema analítico para determinar el incremento corriente anual en bosques irregulares constituidos por coníferas |
| 260 |
_aChapingo, Méx. : _bEl autor, _c1956 |
||
| 300 | _aPág. varía | ||
| 502 | _aTesis (Ing. Agr. Esp. en Bosques) -- ENA. Departamento de Bosques | ||
| 590 |
_aALEPH _b10 _c20130110 _lUCH01 _h1411 |
||
| 590 |
_aBATCH-UPD _b10 _c20130110 _lUCH01 _h0546 |
||
| 590 |
_aBATCH-UPD _b10 _c20130410 _lUCH01 _h0227 |
||
| 590 |
_aBATCH-UPD _b10 _c20130914 _lUCH01 _h0702 |
||
| 590 |
_aCONVERSION _b10 _c20130109 _lUCH01 _h1339 |
||
| 650 | 1 | 4 |
_aBosques _xAdministración. _914003 |
| 650 | 1 | 4 |
_aBosques _xIncrementos. _914234 |
| 650 | 1 | 4 | _aConíferas. |
| 901 | _aBK | ||
| 942 | _cFOLL | ||
| 949 |
_bBC _cTES _d-34901 _eTS1 _fc.1 _i81513 _si |
||
| 949 |
_bBC _cTES _d-34904 _eTS2 _fc.2 _i81513 _si |
||
| 949 |
_bBC _cTES _d-34907 _eTS2 _fc.3 _i81513 _si |
||
| 999 |
_c70987 _d70987 |
||